000 00302nam a22001337a 4500
008 171024b xxu||||| |||| 00| 0 eng d
020 _a9789951894401
041 _aalb
080 _a574
100 _a9
101 _aMJE
245 _aEKOLOGJIA SHËNDETËSORE
_cPRANJIC,N
942 _2udc
_cBK
999 _c35728
_d35728